| 000 | 00996nam a2200253 a 4500 | ||
|---|---|---|---|
| 001 | 000014593 | ||
| 005 | 20240412074241.0 | ||
| 008 | 100115s2004 dr 001 j spa d | ||
| 020 | _a9993477648 | ||
| 040 |
_aDO-SdBNP _bspa _cBNPHU |
||
| 082 |
_aRD863.5 _bD542c |
||
| 100 | 1 |
_aDíaz Carela, Cecilio _910256 |
|
| 245 | 1 | 0 |
_aCruce de caminos y otros relatos breves / _cCecilio Díaz Carela. |
| 260 |
_aSanto Domingo : _bUnuversitaria-UASD, _c2004. |
||
| 300 |
_a67 p. ; _c21 cm. |
||
| 490 | 1 |
_aPublicaciones de la Universidad Autónoma de Santo Domingo; _v1184. _aLiteratura y sociedad; _v47 |
|
| 590 | _aInventariado, 2019/MFF | ||
| 650 | 0 |
_aCuentos dominicanos _9176 |
|
| 650 | 0 |
_aLiteratura dominicana. _967 |
|
| 710 | 1 |
_aUniversidad Autónoma de Santo Domingo _972951 |
|
| 710 | 1 |
_aUniversidad Autónoma de Santo Domingo _972951 |
|
| 830 | 0 |
_aPublicaciones de la Universidad Autónoma de santo Domingo; _v1184 _pLiteratura y sociedad; _n47 _933035 |
|
| 910 | _aValidado. Control de calidad MFF | ||
| 999 |
_c14179 _d14179 |
||